| 000 | 00461nam a2200133Ia 4500 | ||
|---|---|---|---|
| 005 | 20260209120145.0 | ||
| 008 | 260209s9999||||xx |||||||||||||| ||und|| | ||
| 100 | _aPreetam Bharti | ||
| 245 | 0 | _aDerogation under ICCPR, how effective is the framework? | |
| 260 |
_aBangaloreBangalore _bNLSIU, Bangalore _c2021 |
||
| 300 | _a53 p. ; 25 cm. | ||
| 700 | _aDr. H K Nagaraja - GuideDr. H K Nagaraja - Guide | ||
| 856 | _uhttps://dans.nls.ac.in/handle/123456789/910 | ||
| 999 |
_c217511 _d217511 |
||